000 00400pab a2200145 454500
008 180718b1988 xxu||||| |||| 00| 0 eng d
100 _aFisher, Peter S.
245 _aAbsentee ownership of farland and state and local tax policy
260 _c1988
300 _a29-40
362 _aJan.
650 _aFarm Ownership - U.S.A.
773 _aAmerican Journal of Economics and Sociology
909 _a8095
999 _c8095
_d8095